Statistics for Lessons The Simpsons taught us

Click here to take the quiz!

General Stats

  • This quiz has been taken 50 times
  • The average score is 6 of 19

Answer Stats

HintAnswer% Correct
The cause of, and solution to, all of life's problemsAlcohol
95%
Who needs English if you're never going to...England
60%
You tried your best and failed miserably, the point isnever try
58%
It's better to watch stuff than todo stuff
58%
Is there anything they can't do?Donuts
37%
If it's brown drink it down, if it's blacksend it back
37%
The reason we have elected officials is so that we don't have tothink all the time
35%
Aim so low no one will even care if yousucceed
26%
Sometimes dogs or people hate youfor no reason
23%
It was like that when I got here
21%
Life is one crushing defeat after another until you just wishFlanders was dead
21%
Just because you're a lesbian, doesn't make you any less of abein'
21%
Trust in yourself and you canachieve anything
21%
Getting out of jury duty is easy. The trick is to say you're...prejudiced against all races
16%
Oh, good idea, boss
16%
Three sentences that will get you through lifeCover for me
14%
The gift man gives himselfCheating
12%
Don’t make fun of grad students. They just made a....terrible life choice
9%
One person can make a difference, but most of the time...probably shouldn't
5%

Score Distribution

Percentile by Number Answered

Percent of People with Each Score

Your Score History

You have not taken this quiz